Library Banner

ISDN strategies (Record no. 7938)

MARC details
000 -LEADER
fixed length control field 00401nam a2200169Ia 4500
001 - CONTROL NUMBER
control field 6347
008 - FIXED-LENGTH DATA ELEMENTS--GENERAL INFORMATION
fixed length control field 140320s9999 xx 000 0 und d
020 ## - INTERNATIONAL STANDARD BOOK NUMBER
International Standard Book Number 1-56884-459-X
040 ## - CATALOGING SOURCE
Transcribing agency PK-LaUMT
082 ## - DEWEY DECIMAL CLASSIFICATION NUMBER
Classification number 004.67
Item number MOO-I
100 ## - MAIN ENTRY--PERSONAL NAME
Personal name Moore, Martin L.
245 ## - TITLE STATEMENT
Title ISDN strategies
Statement of responsibility, etc Moore, Martin L.
260 ## - PUBLICATION, DISTRIBUTION, ETC. (IMPRINT)
Place of publication, distribution, etc Chicago,USA:
Name of publisher, distributor, etc IDG Books,
Date of publication, distribution, etc 1995.
300 ## - PHYSICAL DESCRIPTION
Extent 288 p.
546 ## - LANGUAGE NOTE
Language note EN
942 ## - ADDED ENTRY ELEMENTS (KOHA)
Koha item type Books
Holdings
Withdrawn status Lost status Damaged status Not for loan Home library Current library Date acquired Total Checkouts Full call number Barcode Date last seen Price effective from Koha item type
        UMT Main Campus UMT Main Campus 2014-03-20   004.67 MOO-I 7168 2014-03-20 2014-03-20 Books